000 00510nam a2200217Ia 4500
003 OSt
005 20240910124528.0
008 240126s9999 xx 000 0 und d
020 _a9789350356975
040 _c0
041 _aEnglish
082 _a340.59 MAH;1 R
100 _aMahmood, Tahir.
245 0 _aMuslim law in India and abroad
250 _a2nd ed.
260 _bLexis Nexis
_aHaryana
300 _axii, 421
440 _aNULL
650 _aMuslim,law,India,abroad
942 _cLL
_2ddc
999 _c280453
_d280453